| 000 | 00389nam a2200169Ia 4500 | ||
|---|---|---|---|
| 008 | 180424s9999 xx 000 0 und d | ||
| 084 | _aT13 A17 | ||
| 100 | _a"Astravski, Nikolai" | ||
| 245 | 0 | _aVeeram Vilainthadhu | |
| 250 | _a\\195700TAMGPSX | ||
| 260 | _aNCBH | ||
| 260 | _b1957 | ||
| 260 | _cMadras | ||
| 300 | _a428p | ||
| 500 | _aincludes index and biblioraphy | ||
| 942 | _cBK | ||
| 999 |
_c59755 _d59755 |
||